|
|
|
|
| LEADER |
01010nta a2200253 i 4500 |
| 001 |
dokt1435 |
| 005 |
20250604093142.0 |
| 008 |
120324s2012 hu om 000 hun d |
| 024 |
7 |
|
|a 10.14232/phd.1435
|2 doi
|
| 024 |
7 |
|
|a 22921690
|2 mtmt
|
| 040 |
|
|
|a SZTE Doktori Repozitórium
|b hun
|
| 041 |
|
|
|a hun
|
| 100 |
1 |
|
|a Szabó László
|
| 245 |
1 |
2 |
|a A jóléti állam és a globalizáció
|h [elektronikus dokumentum] /
|c Szabó László
|
| 246 |
1 |
0 |
|a Welfare State and Globalization
|h [elektronikus dokumentum]
|
| 260 |
|
|
|c 2012-04-19
|
| 300 |
|
|
|a 167
|
| 502 |
|
|
|a Disszertacio
|
| 650 |
|
4 |
|a közgazdaságtudományok
|
| 650 |
|
4 |
|a Közgazdaság, ökonometria
|
| 700 |
0 |
1 |
|a Botos Katalin
|e ths
|
| 856 |
4 |
0 |
|u https://doktori.bibl.u-szeged.hu/id/eprint/1435/1/Disszert%C3%A1ci%C3%B3.pdf
|z Dokumentum-elérés
|
| 856 |
4 |
0 |
|u https://doktori.bibl.u-szeged.hu/id/eprint/1435/2/T%C3%A9zisek_Magyar.pdf
|z Dokumentum-elérés
|
| 856 |
4 |
0 |
|u https://doktori.bibl.u-szeged.hu/id/eprint/1435/3/T%C3%A9zisek_Angol.pdf
|z Dokumentum-elérés
|